[Event "MCR druzstev mladsich zaku 2016"]
[Site "Hradec Kralove"]
[Date "2016.06.12"]
[Round "4.3"]
[White "Gnojek (BSS F-M \"A\"), Petr"]
[Black "Kijonka (Slavia Orlova), Ondrej"]
[Result "1/2-1/2"]
[BlackElo "1500"]
[WhiteElo "1748"]
[LiveChessVersion "1.4.8"]

1. d4 {[%clk 0:25:17]} d5 {[%clk 0:25:15]} 2. Nf3 {[%clk 0:25:25]} e6
{[%clk 0:25:21]} 3. c4 {[%clk 0:25:33]} Nf6 {[%clk 0:25:27]} 4. Nc3
{[%clk 0:25:40]} c6 {[%clk 0:25:35]} 5. Bg5 {[%clk 0:25:48]} Nbd7
{[%clk 0:25:41]} 6. e3 {[%clk 0:25:55]} Be7 {[%clk 0:25:38]} 7. Bd3
{[%clk 0:25:52]} O-O {[%clk 0:24:54]} 8. O-O {[%clk 0:25:59]} b6 {[%clk 0:24:46]}
9. cxd5 {[%clk 0:25:56]} cxd5 {[%clk 0:24:48]} 10. Rc1 {[%clk 0:24:59]} Bb7
{[%clk 0:24:44]} 11. Qc2 {[%clk 0:23:07]} Rc8 {[%clk 0:24:43]} 12. Ne5
{[%clk 0:22:14]} Ne4 {[%clk 0:23:43]} 13. Bxe7 {[%clk 0:20:28]} Qxe7
{[%clk 0:23:46]} 14. Nxd7 {[%clk 0:20:13]} Qxd7 {[%clk 0:23:52]} 15. f3
{[%clk 0:19:19]} Nf6 {[%clk 0:23:54]} 16. Qd2 {[%clk 0:17:41]} Rfe8
{[%clk 0:22:24]} 17. Bb5 {[%clk 0:12:24]} Bc6 {[%clk 0:21:52]} 18. Qe2
{[%clk 0:11:15]} e5 {[%clk 0:20:50]} 19. Bxc6 {[%clk 0:09:41]} Rxc6
{[%clk 0:20:50]} 20. dxe5 {[%clk 0:09:07]} Rxe5 {[%clk 0:19:10]} 21. Qd2
{[%clk 0:06:19]} Re8 {[%clk 0:18:41]} 22. Rcd1 {[%clk 0:05:59]} Rd6
{[%clk 0:18:36]} 23. Qd4 {[%clk 0:05:38]} h6 {[%clk 0:14:37]} 24. e4
{[%clk 0:04:55]} Rde6 {[%clk 0:12:22]} 25. Nxd5 {[%clk 0:04:39]} Nxd5
{[%clk 0:12:11]} 26. Qxd5 {[%clk 0:04:36]} Qc7 {[%clk 0:11:27]} 27. Rc1
{[%clk 0:04:10]} Qf4 {[%clk 0:11:29]} 28. Qb3 {[%clk 0:03:16]} Rg6
{[%clk 0:11:23]} 29. Rc2 {[%clk 0:02:19]} Rd8 {[%clk 0:11:18]} 30. g3
{[%clk 0:02:13]} Rd2 {[%clk 0:09:58]} 31. Rxd2 {[%clk 0:02:05]} Qxd2
{[%clk 0:10:06]} 32. Qc3 {[%clk 0:02:14]} Qf4 {[%clk 0:09:57]} 33. Rf2
{[%clk 0:01:40]} Qg5 {[%clk 0:09:29]} 34. f4 {[%clk 0:01:42]} Qe7
{[%clk 0:09:20]} 35. Qd3 {[%clk 0:01:38]} Rd6 {[%clk 0:09:21]} 36. Qc2
{[%clk 0:01:42]} Rd4 {[%clk 0:09:22]} 37. e5 {[%clk 0:01:47]} Qd7
{[%clk 0:09:25]} 38. Qe2 {[%clk 0:01:19]} Rd1+ {[%clk 0:09:23]} 39. Kg2
{[%clk 0:01:28]} Qd5+ {[%clk 0:09:27]} 40. Qf3 {[%clk 0:01:36]} Qd7
{[%clk 0:09:18]} 41. Qa8+ {[%clk 0:01:13]} Kh7 {[%clk 0:09:19]} 42. Qe4+
{[%clk 0:01:21]} Kg8 {[%clk 0:09:28]} 43. Re2 {[%clk 0:01:07]} Qe7
{[%clk 0:08:48]} 44. Qc6 {[%clk 0:00:57]} Rd7 {[%clk 0:08:34]} 45. e6
{[%clk 0:01:00]} Rd8 {[%clk 0:08:23]} 46. f5 {[%clk 0:00:36]} f6 {[%clk 0:08:15]}
47. Rc2 {[%clk 0:00:26]} Kh7 {[%clk 0:08:10]} 48. Qc7 {[%clk 0:00:19]} Qe8
{[%clk 0:08:09]} 49. Qxa7 {[%clk 0:00:16]} b5 {[%clk 0:07:39]} 50. Rc7
{[%clk 0:00:20]} Rd2+ {[%clk 0:07:23]} 51. Kf1 {[%clk 0:00:27]} Rd1+
{[%clk 0:07:26]} 52. Ke2 {[%clk 0:00:34]} Qh5+ {[%clk 0:07:30]} 53. Ke3
{[%clk 0:00:25]} Qg5+ {[%clk 0:07:36]} 54. Ke4 {[%clk 0:00:14]} Re1+
{[%clk 0:07:43]} 55. Kd5 {[%clk 0:00:22]} Qxf5+ {[%clk 0:07:50]} 56. Kc6
{[%clk 0:00:30]} Rxe6+ {[%clk 0:07:58]} 57. Kb7 {[%clk 0:00:31]} Qd5+
{[%clk 0:08:06]} 58. Kb8 {[%clk 0:00:27]} Qd8+ {[%clk 0:07:59]} 59. Kb7
{[%clk 0:00:29]} Qd5+ {[%clk 0:08:03]} 60. Kb8 {[%clk 0:00:38]} Qd8+
{[%clk 0:07:59]} 61. Kb7 {[%clk 0:00:46]} Qd5+ {[%clk 0:08:07]} 62. Kb8
{[%clk 0:00:55]} 1/2-1/2

[Event "MCR druzstev mladsich zaku 2016"]
[Site "Hradec Kralove"]
[Date "2016.06.12"]
[Round "4.4"]
[White "Nedela (Slavia Orlova), Adam"]
[Black "Vantuch (BSS F-M \"A\"), Lucian"]
[Result "0-1"]
[BlackElo "1736"]
[WhiteElo "1468"]
[LiveChessVersion "1.4.8"]

1. Nf3 {[%clk 0:25:15]} Nf6 {[%clk 0:24:56]} 2. g3 {[%clk 0:25:08]} e6
{[%clk 0:24:59]} 3. Bg2 {[%clk 0:25:11]} d5 {[%clk 0:24:51]} 4. O-O
{[%clk 0:25:17]} Be7 {[%clk 0:24:17]} 5. b3 {[%clk 0:25:08]} O-O {[%clk 0:24:09]}
6. Bb2 {[%clk 0:24:59]} c5 {[%clk 0:23:46]} 7. d3 {[%clk 0:24:36]} Nc6
{[%clk 0:23:33]} 8. Nbd2 {[%clk 0:23:47]} Qc7 {[%clk 0:23:07]} 9. Re1
{[%clk 0:22:19]} Rd8 {[%clk 0:22:41]} 10. e4 {[%clk 0:19:56]} Rb8
{[%clk 0:21:30]} 11. Re2 {[%clk 0:18:22]} b5 {[%clk 0:21:09]} 12. exd5
{[%clk 0:17:41]} exd5 {[%clk 0:20:51]} 13. Qe1 {[%clk 0:17:30]} Bg4
{[%clk 0:20:29]} 14. Rc1 {[%clk 0:14:02]} Kf8 {[%clk 0:17:37]} 15. h3
{[%clk 0:12:16]} Bh5 {[%clk 0:15:08]} 16. Ba3 {[%clk 0:10:03]} Re8
{[%clk 0:13:37]} 17. Kh2 {[%clk 0:07:37]} Bd6 {[%clk 0:13:13]} 18. Rxe8+
{[%clk 0:07:05]} Rxe8 {[%clk 0:13:22]} 19. Qf1 {[%clk 0:07:12]} Qa5
{[%clk 0:10:35]} 20. Bb2 {[%clk 0:05:35]} Ne5 {[%clk 0:09:46]} 21. Bxe5
{[%clk 0:04:49]} Bxe5 {[%clk 0:09:50]} 22. Nxe5 {[%clk 0:03:53]} Rxe5
{[%clk 0:09:58]} 23. Nf3 {[%clk 0:04:00]} Bxf3 {[%clk 0:09:03]} 24. Bxf3
{[%clk 0:04:05]} Qxa2 {[%clk 0:09:11]} 25. d4 {[%clk 0:02:46]} cxd4
{[%clk 0:08:12]} 26. Qxb5 {[%clk 0:02:49]} Qa3 {[%clk 0:06:11]} 27. Qb8+
{[%clk 0:01:54]} Re8 {[%clk 0:06:16]} 28. Qb7 {[%clk 0:01:56]} Qxc1
{[%clk 0:06:23]} 29. Qb4+ {[%clk 0:00:53]} Kg8 {[%clk 0:06:32]} 30. Qxd4
{[%clk 0:00:57]} Qxc2 {[%clk 0:06:40]} 31. Qb4 {[%clk 0:00:45]} Qxf2+
{[%clk 0:06:43]} 32. Bg2 {[%clk 0:00:52]} Re2 {[%clk 0:06:42]} 33. Qb8+
{[%clk 0:00:46]} Ne8 {[%clk 0:06:51]} 0-1

[Event "MCR druzstev mladsich zaku 2016"]
[Site "Hradec Kralove"]
[Date "2016.06.12"]
[Round "4.5"]
[White "Fizerova (BSS F-M \"A\"), Lucie"]
[Black "Drastichova (Slavia Orlova), Eliska"]
[Result "1-0"]
[BlackElo "1329"]
[WhiteElo "1496"]
[LiveChessVersion "1.4.8"]

1. e4 {[%clk 0:25:18]} e5 {[%clk 0:25:18]} 2. Nf3 {[%clk 0:25:26]} d6
{[%clk 0:25:24]} 3. Bc4 {[%clk 0:25:20]} Be7 {[%clk 0:25:27]} 4. O-O
{[%clk 0:25:27]} Nf6 {[%clk 0:25:29]} 5. Nc3 {[%clk 0:25:33]} O-O
{[%clk 0:25:30]} 6. d4 {[%clk 0:25:28]} exd4 {[%clk 0:24:30]} 7. Nxd4
{[%clk 0:25:32]} Bg4 {[%clk 0:23:58]} 8. f3 {[%clk 0:24:10]} Bh5 {[%clk 0:23:49]}
9. Qe1 {[%clk 0:23:56]} Nc6 {[%clk 0:23:19]} 10. Nf5 {[%clk 0:23:52]} Bg6
{[%clk 0:22:15]} 11. Bg5 {[%clk 0:23:20]} Qd7 {[%clk 0:21:28]} 12. Nxe7+
{[%clk 0:20:58]} Qxe7 {[%clk 0:21:16]} 13. Nd5 {[%clk 0:20:59]} Qe5
{[%clk 0:19:26]} 14. Nxf6+ {[%clk 0:20:38]} gxf6 {[%clk 0:19:10]} 15. Bh6
{[%clk 0:20:20]} Rfe8 {[%clk 0:18:15]} 16. b3 {[%clk 0:19:59]} Qc5+
{[%clk 0:16:37]} 17. Kh1 {[%clk 0:19:34]} f5 {[%clk 0:15:04]} 18. Qh4
{[%clk 0:14:38]} Qe5 {[%clk 0:13:09]} 19. exf5 {[%clk 0:10:48]} Bxf5
{[%clk 0:11:21]} 20. Rae1 {[%clk 0:10:31]} Qc3 {[%clk 0:10:44]} 21. Rxe8+
{[%clk 0:10:02]} Rxe8 {[%clk 0:10:10]} 22. Qg5+ {[%clk 0:09:11]} Bg6
{[%clk 0:09:35]} 23. f4 {[%clk 0:09:08]} Kh8 {[%clk 0:07:16]} 24. f5
{[%clk 0:09:03]} Bxf5 {[%clk 0:04:18]} 25. Qxf5 {[%clk 0:08:57]} Re7
{[%clk 0:01:00]} 26. Bd3 {[%clk 0:09:04]} f6 {[%clk 0:00:39]} 27. Qg4
{[%clk 0:09:06]} f5 {[%clk 0:00:14]} 28. Qxf5 {[%clk 0:08:53]} 1-0

[Event "MCR druzstev mladsich zaku 2016"]
[Site "Hradec Kralove"]
[Date "2016.06.12"]
[Round "4.6"]
[White "Mrozek (Slavia Orlova), Zofia"]
[Black "Fizer (BSS F-M \"A\"), Marek"]
[Result "0-1"]
[BlackElo "1522"]
[WhiteElo "1000"]
[LiveChessVersion "1.4.8"]

1. e4 {[%clk 0:25:18]} c5 {[%clk 0:25:16]} 2. Nf3 {[%clk 0:25:21]} Nc6
{[%clk 0:25:17]} 3. d4 {[%clk 0:25:17]} cxd4 {[%clk 0:25:08]} 4. Nxd4
{[%clk 0:25:16]} Nf6 {[%clk 0:24:54]} 5. Nc3 {[%clk 0:24:53]} e5 {[%clk 0:24:49]}
6. Nb3 {[%clk 0:24:53]} Bb4 {[%clk 0:24:22]} 7. Bd3 {[%clk 0:24:07]} O-O
{[%clk 0:24:01]} 8. O-O {[%clk 0:23:51]} Qc7 {[%clk 0:22:52]} 9. a3
{[%clk 0:22:54]} Bxc3 {[%clk 0:21:50]} 10. bxc3 {[%clk 0:22:57]} d5
{[%clk 0:20:57]} 11. exd5 {[%clk 0:22:22]} Nxd5 {[%clk 0:20:57]} 12. c4
{[%clk 0:21:28]} Nf6 {[%clk 0:20:39]} 13. Bg5 {[%clk 0:20:06]} Rd8
{[%clk 0:20:11]} 14. Bxf6 {[%clk 0:19:42]} gxf6 {[%clk 0:20:11]} 15. Qh5
{[%clk 0:18:23]} Kf8 {[%clk 0:18:48]} 16. Qxh7 {[%clk 0:18:07]} Ke7
{[%clk 0:17:32]} 17. Bf5 {[%clk 0:16:54]} Bxf5 {[%clk 0:15:52]} 18. Qxf5
{[%clk 0:16:57]} Rh8 {[%clk 0:15:43]} 19. Rad1 {[%clk 0:16:25]} Rag8
{[%clk 0:14:32]} 20. Nc5 {[%clk 0:16:00]} Nd4 {[%clk 0:13:20]} 21. Ne4
{[%clk 0:14:01]} Nxf5 {[%clk 0:13:12]} 22. Nd2 {[%clk 0:13:06]} e4
{[%clk 0:13:12]} 23. g3 {[%clk 0:13:04]} e3 24. Nf3 {[%clk 0:12:53]} Nxg3
{[%clk 0:11:59]} 25. hxg3 {[%clk 0:12:41]} Qxg3+ {[%clk 0:12:07]} 26. fxg3
{[%clk 0:12:43]} Rxg3# 0-1

[Event "MCR druzstev mladsich zaku 2016"]
[Site "Hradec Kralove"]
[Date "2016.06.12"]
[Round "4.7"]
[White "Petricek (SK Kurim A), Lukas"]
[Black "Vojta (Polabiny A), Jakub"]
[Result "1/2-1/2"]
[BlackElo "1967"]
[WhiteElo "1515"]
[LiveChessVersion "1.4.8"]

1. e4 {[%clk 0:25:13]} c5 {[%clk 0:25:19]} 2. c3 {[%clk 0:25:21]} Nf6
{[%clk 0:25:21]} 3. e5 {[%clk 0:25:28]} Nd5 {[%clk 0:25:23]} 4. d4
{[%clk 0:25:31]} cxd4 {[%clk 0:25:01]} 5. cxd4 {[%clk 0:25:37]} Nc6
{[%clk 0:24:19]} 6. Nf3 {[%clk 0:25:06]} e6 {[%clk 0:24:28]} 7. Bc4
{[%clk 0:25:07]} Nb6 {[%clk 0:24:30]} 8. Bb3 {[%clk 0:25:07]} d6 {[%clk 0:24:21]}
9. O-O {[%clk 0:24:18]} Be7 {[%clk 0:24:13]} 10. Nc3 {[%clk 0:24:03]} d5
{[%clk 0:23:52]} 11. Be3 {[%clk 0:23:40]} Bd7 {[%clk 0:23:31]} 12. Rc1
{[%clk 0:23:24]} Na5 {[%clk 0:23:21]} 13. Nd2 {[%clk 0:18:48]} Rc8
{[%clk 0:23:18]} 14. Qg4 {[%clk 0:18:04]} g6 {[%clk 0:21:05]} 15. f4
{[%clk 0:15:04]} h5 {[%clk 0:20:52]} 16. Qf3 {[%clk 0:14:51]} Bb4
{[%clk 0:17:47]} 17. Bf2 {[%clk 0:13:58]} Bxc3 {[%clk 0:17:03]} 18. Rxc3
{[%clk 0:14:04]} Bb5 {[%clk 0:16:52]} 19. Rfc1 {[%clk 0:14:03]} O-O
{[%clk 0:15:44]} 20. Rxc8 {[%clk 0:13:50]} Nxc8 {[%clk 0:15:51]} 21. Qh3
{[%clk 0:09:38]} 1/2-1/2

[Event "MCR druzstev mladsich zaku 2016"]
[Site "Hradec Kralove"]
[Date "2016.06.12"]
[Round "4.8"]
[White "Jirousek (Polabiny A), Jan"]
[Black "Dvorakova (SK Kurim A), Olga"]
[Result "1-0"]
[BlackElo "1405"]
[WhiteElo "1633"]
[LiveChessVersion "1.4.8"]

1. d4 {[%clk 0:25:18]} Nf6 {[%clk 0:25:14]} 2. c4 {[%clk 0:25:26]} e6
{[%clk 0:25:20]} 3. Nc3 {[%clk 0:25:33]} Bb4 {[%clk 0:25:24]} 4. Bg5
{[%clk 0:25:24]} b6 {[%clk 0:24:30]} 5. e4 {[%clk 0:25:06]} h6 {[%clk 0:23:37]}
6. Bxf6 {[%clk 0:25:02]} Qxf6 {[%clk 0:23:27]} 7. Nf3 {[%clk 0:24:44]} Bb7
{[%clk 0:23:05]} 8. e5 {[%clk 0:24:13]} Qe7 {[%clk 0:21:29]} 9. Be2
{[%clk 0:24:04]} O-O {[%clk 0:19:51]} 10. O-O {[%clk 0:24:00]} Bxc3
{[%clk 0:19:20]} 11. bxc3 {[%clk 0:24:07]} d6 {[%clk 0:18:44]} 12. Qd2
{[%clk 0:19:34]} Nd7 {[%clk 0:17:29]} 13. exd6 {[%clk 0:19:25]} Qxd6
{[%clk 0:16:33]} 14. Rad1 {[%clk 0:18:11]} Nf6 {[%clk 0:15:27]} 15. h3
{[%clk 0:14:49]} Ne4 {[%clk 0:12:50]} 16. Qc1 {[%clk 0:13:53]} Rfd8
{[%clk 0:09:26]} 17. Bd3 {[%clk 0:12:36]} Nf6 {[%clk 0:07:03]} 18. Qe3
{[%clk 0:12:16]} Qa3 {[%clk 0:05:37]} 19. Bb1 {[%clk 0:11:45]} Qa4
{[%clk 0:04:27]} 20. Qe2 {[%clk 0:10:29]} Bxf3 {[%clk 0:03:43]} 21. gxf3
{[%clk 0:10:28]} Qa5 {[%clk 0:03:22]} 22. Qd2 {[%clk 0:10:00]} Qa4
{[%clk 0:02:52]} 23. Qe2 {[%clk 0:09:13]} Rac8 {[%clk 0:02:23]} 24. Bc2
{[%clk 0:08:59]} Qa3 {[%clk 0:02:04]} 25. Bb3 {[%clk 0:08:31]} Qe7
{[%clk 0:01:57]} 26. Kh1 {[%clk 0:08:13]} c5 {[%clk 0:00:54]} 27. d5
{[%clk 0:08:05]} Rd7 {[%clk 0:00:21]} 28. Rfe1 {[%clk 0:07:54]} Rd6
{[%clk 0:00:16]} 29. Ba4 {[%clk 0:07:19]} Qd8 {[%clk 0:00:16]} 30. dxe6
{[%clk 0:07:03]} fxe6 {[%clk 0:00:17]} 31. Rxd6 {[%clk 0:06:40]} Qxd6
{[%clk 0:00:25]} 32. Qxe6+ {[%clk 0:06:46]} Qxe6 {[%clk 0:00:34]} 33. Rxe6
{[%clk 0:06:54]} Kf7 {[%clk 0:00:22]} 34. Rd6 {[%clk 0:06:22]} Ke7
{[%clk 0:00:19]} 35. Rd2 {[%clk 0:06:24]} Rd8 {[%clk 0:00:20]} 36. Re2+
{[%clk 0:06:13]} Kf7 {[%clk 0:00:26]} 37. Bc2 {[%clk 0:05:52]} Rd7
{[%clk 0:00:23]} 38. Kg2 {[%clk 0:05:32]} Re7 {[%clk 0:00:22]} 39. Bg6+
{[%clk 0:05:10]} Kf8 {[%clk 0:00:26]} 40. Rd2 {[%clk 0:05:12]} Rd7
{[%clk 0:00:20]} 41. Re2 {[%clk 0:04:52]} Rd1 {[%clk 0:00:20]} 42. Kg3
{[%clk 0:04:01]} Rc1 {[%clk 0:00:19]} 43. Re3 {[%clk 0:03:51]} Rd1
{[%clk 0:00:21]} 44. Re2 {[%clk 0:03:52]} Rg1+ {[%clk 0:00:18]} 45. Kh2
{[%clk 0:03:59]} Rc1 {[%clk 0:00:24]} 46. Re3 {[%clk 0:03:58]} Rf1
{[%clk 0:00:21]} 47. Kg2 {[%clk 0:04:02]} Rd1 {[%clk 0:00:26]} 48. Re2
{[%clk 0:04:06]} Rd7 {[%clk 0:00:27]} 49. Kg3 {[%clk 0:03:39]} Re7
{[%clk 0:00:26]} 50. Rd2 {[%clk 0:03:44]} Rd7 {[%clk 0:00:13]} 51. Re2
{[%clk 0:03:47]} Re7 {[%clk 0:00:15]} 52. Rd2 {[%clk 0:03:53]} Nd7
{[%clk 0:00:15]} 53. Kg2 {[%clk 0:03:24]} Nf6 {[%clk 0:00:17]} 54. Kg3
{[%clk 0:03:11]} Rd7 {[%clk 0:00:15]} 55. Re2 {[%clk 0:03:17]} Rd8
{[%clk 0:00:21]} 56. Kg2 {[%clk 0:03:01]} Ng8 {[%clk 0:00:24]} 57. Kg3
{[%clk 0:02:31]} Ne7 {[%clk 0:00:30]} 58. Bc2 {[%clk 0:02:38]} Nc6
{[%clk 0:00:24]} 59. Ba4 {[%clk 0:01:56]} Na5 {[%clk 0:00:25]} 60. Bb5
{[%clk 0:01:37]} Kf7 {[%clk 0:00:18]} 61. Kf4 {[%clk 0:01:25]} Rd3
{[%clk 0:00:17]} 62. Rc2 {[%clk 0:00:45]} Nb7 {[%clk 0:00:17]} 63. Bc6
{[%clk 0:00:37]} Nd8 {[%clk 0:00:14]} 64. Bd5+ {[%clk 0:00:42]} Kf6
{[%clk 0:00:17]} 65. Re2 {[%clk 0:00:11]} Rxc3 {[%clk 0:00:13]} 66. Re8
{[%clk 0:00:20]} Nf7 {[%clk 0:00:17]} 67. Rf8 {[%clk 0:00:28]} Rc2
{[%clk 0:00:11]} 68. Rxf7+ {[%clk 0:00:36]} Kg6 {[%clk 0:00:19]} 69. Be4+
{[%clk 0:00:25]} Kxf7 {[%clk 0:00:27]} 70. Bxc2 {[%clk 0:00:34]} Ke7
{[%clk 0:00:34]} 71. Ke5 {[%clk 0:00:42]} Kd7 {[%clk 0:00:37]} 72. Kf5
{[%clk 0:00:50]} Ke7 {[%clk 0:00:34]} 73. Kg6 {[%clk 0:00:56]} Kf8
{[%clk 0:00:41]} 74. f4 {[%clk 0:01:01]} a6 {[%clk 0:00:36]} 75. a4
{[%clk 0:01:05]} Kg8 {[%clk 0:00:36]} 76. f5 {[%clk 0:01:09]} Kf8
{[%clk 0:00:36]} 77. f6 {[%clk 0:01:16]} gxf6 {[%clk 0:00:41]} 78. Kxf6
{[%clk 0:01:25]} h5 {[%clk 0:00:29]} 79. Kg6 {[%clk 0:01:27]} h4 {[%clk 0:00:36]}
80. f4 {[%clk 0:01:15]} Kg8 {[%clk 0:00:39]} 81. f5 {[%clk 0:01:23]} Kf8
{[%clk 0:00:36]} 82. Kf6 {[%clk 0:01:26]} a5 {[%clk 0:00:38]} 83. Bb3
{[%clk 0:01:26]} Kg8 {[%clk 0:00:43]} 84. Ke7 {[%clk 0:01:35]} b5
{[%clk 0:00:29]} 85. f6 {[%clk 0:01:37]} b4 {[%clk 0:00:19]} 86. f7+
{[%clk 0:01:45]} Kh7 {[%clk 0:00:19]} 87. f8=Q {[%clk 0:01:47]} Kg6
{[%clk 0:00:22]} 88. Bc2+ {[%clk 0:01:54]} Kg5 {[%clk 0:00:22]} 89. Qf5+
{[%clk 0:01:59]} Kh6 {[%clk 0:00:25]} 90. Qg6# 1-0

[Event "MCR druzstev mladsich zaku 2016"]
[Site "Hradec Kralove"]
[Date "2016.06.12"]
[Round "4.9"]
[White "Tajovsky (SK Kurim A), Matej"]
[Black "Ret (Polabiny A), Adam Josef"]
[Result "0-1"]
[BlackElo "1460"]
[WhiteElo "1616"]
[LiveChessVersion "1.4.8"]

1. e4 {[%clk 0:25:12]} e6 {[%clk 0:25:19]} 2. d4 {[%clk 0:25:11]} d5
{[%clk 0:25:28]} 3. exd5 {[%clk 0:25:18]} exd5 {[%clk 0:25:35]} 4. c4
{[%clk 0:25:25]} c6 {[%clk 0:25:14]} 5. Nc3 {[%clk 0:25:13]} Nf6 {[%clk 0:24:06]}
6. h3 {[%clk 0:24:49]} Be6 {[%clk 0:23:56]} 7. Nf3 {[%clk 0:24:42]} Nbd7
{[%clk 0:23:47]} 8. Bf4 {[%clk 0:24:35]} Be7 {[%clk 0:23:06]} 9. Be2
{[%clk 0:24:34]} O-O {[%clk 0:20:54]} 10. O-O {[%clk 0:24:06]} h6
{[%clk 0:19:59]} 11. cxd5 {[%clk 0:23:08]} Nxd5 {[%clk 0:19:27]} 12. Nxd5
{[%clk 0:22:33]} Bxd5 {[%clk 0:19:03]} 13. Re1 {[%clk 0:22:16]} Bb4
{[%clk 0:18:47]} 14. Bd2 {[%clk 0:21:51]} Bxd2 {[%clk 0:18:40]} 15. Qxd2
{[%clk 0:21:55]} Qf6 {[%clk 0:18:31]} 16. Qc3 {[%clk 0:21:00]} Rad8
{[%clk 0:17:32]} 17. b3 {[%clk 0:20:47]} Nb6 {[%clk 0:16:11]} 18. Rad1
{[%clk 0:20:26]} Nc8 {[%clk 0:14:49]} 19. Ne5 {[%clk 0:19:32]} Nd6
{[%clk 0:14:00]} 20. Bf3 {[%clk 0:19:11]} Bxf3 {[%clk 0:13:37]} 21. Qxf3
{[%clk 0:19:09]} Qxf3 {[%clk 0:13:15]} 22. Nxf3 {[%clk 0:19:16]} Nb5
{[%clk 0:12:46]} 23. Re3 {[%clk 0:18:49]} Rd7 {[%clk 0:12:06]} 24. a4
{[%clk 0:18:29]} Nc7 {[%clk 0:11:48]} 25. Rde1 {[%clk 0:17:25]} Ne6
{[%clk 0:11:43]} 26. Rd3 {[%clk 0:17:00]} c5 {[%clk 0:09:51]} 27. d5
{[%clk 0:16:02]} Nf4 {[%clk 0:09:39]} 28. Rd2 {[%clk 0:16:03]} Rxd5
{[%clk 0:09:18]} 29. Re7 {[%clk 0:14:50]} Rxd2 {[%clk 0:08:10]} 30. Nxd2
{[%clk 0:14:51]} Rb8 {[%clk 0:07:08]} 31. Kh2 {[%clk 0:13:04]} Ne6
{[%clk 0:06:51]} 32. g3 {[%clk 0:11:48]} Kf8 {[%clk 0:06:58]} 33. Rd7
{[%clk 0:11:32]} Ke8 {[%clk 0:07:06]} 34. Rd3 {[%clk 0:11:25]} Rd8
{[%clk 0:06:12]} 35. Rxd8+ {[%clk 0:10:55]} Kxd8 {[%clk 0:06:16]} 36. Ne4
{[%clk 0:10:48]} Kd7 {[%clk 0:06:06]} 37. Kg2 {[%clk 0:10:08]} Kc6
{[%clk 0:05:54]} 38. Kf1 {[%clk 0:09:46]} Nd4 {[%clk 0:05:54]} 39. Nd2
{[%clk 0:09:09]} Kd5 {[%clk 0:05:31]} 40. f3 {[%clk 0:08:36]} a6 {[%clk 0:05:14]}
41. Kf2 {[%clk 0:08:01]} b5 {[%clk 0:05:14]} 42. axb5 {[%clk 0:07:55]} axb5
{[%clk 0:05:15]} 43. g4 {[%clk 0:07:44]} Ke5 {[%clk 0:04:56]} 44. Ke3
{[%clk 0:07:35]} Nc2+ {[%clk 0:04:49]} 45. Kd3 {[%clk 0:06:50]} Nb4+
{[%clk 0:04:30]} 46. Ke3 {[%clk 0:06:47]} Nd5+ {[%clk 0:04:31]} 47. Ke2
{[%clk 0:06:31]} Nf4+ {[%clk 0:04:31]} 48. Kf2 {[%clk 0:06:13]} Nxh3+
{[%clk 0:04:29]} 49. Kg3 {[%clk 0:06:13]} Nf4 {[%clk 0:04:24]} 50. Kf2
{[%clk 0:06:01]} Ne6 {[%clk 0:03:20]} 51. Ne4 {[%clk 0:05:37]} c4
{[%clk 0:02:46]} 52. bxc4 {[%clk 0:05:21]} bxc4 {[%clk 0:02:53]} 53. Ke3
{[%clk 0:05:28]} Kd5 {[%clk 0:02:29]} 54. f4 {[%clk 0:04:57]} Kc6
{[%clk 0:01:18]} 55. f5 {[%clk 0:04:45]} Nc5 {[%clk 0:01:09]} 56. Nc3
{[%clk 0:04:54]} Nb3 {[%clk 0:00:43]} 57. Ne4 {[%clk 0:04:20]} Nc5
{[%clk 0:00:20]} 58. Nc3 {[%clk 0:04:28]} Nd3 {[%clk 0:00:22]} 59. Ne4
{[%clk 0:03:40]} Kd5 {[%clk 0:00:13]} 60. Nc3+ {[%clk 0:01:39]} Kc6
{[%clk 0:00:15]} 61. Ke4 {[%clk 0:01:35]} Nf2+ {[%clk 0:00:20]} 62. Kf4
{[%clk 0:01:43]} Nd3+ {[%clk 0:00:27]} 63. Kf3 {[%clk 0:01:28]} Kc5
{[%clk 0:00:32]} 64. Ke3 {[%clk 0:01:08]} Kb4 {[%clk 0:00:32]} 65. Nd5+
{[%clk 0:01:11]} Kb3 {[%clk 0:00:36]} 66. Kd2 {[%clk 0:00:52]} Ne5 67. Ne3
{[%clk 0:00:58]} c3+ {[%clk 0:00:41]} 68. Kc1 {[%clk 0:00:29]} Nd3+
{[%clk 0:00:48]} 69. Kd1 {[%clk 0:00:36]} Nf2+ {[%clk 0:00:42]} 70. Kc1
{[%clk 0:00:40]} Ne4 {[%clk 0:00:43]} 71. Nc2 {[%clk 0:00:35]} Nf2
{[%clk 0:00:38]} 72. Ne3 {[%clk 0:00:44]} g6 {[%clk 0:00:30]} 73. f6
{[%clk 0:00:20]} Ne4 {[%clk 0:00:27]} 74. Nd5 {[%clk 0:00:16]} h5
{[%clk 0:00:28]} 75. gxh5 {[%clk 0:00:00]} 0-1

[Event "MCR druzstev mladsich zaku 2016"]
[Site "Hradec Kralove"]
[Date "2016.06.12"]
[Round "4.10"]
[White "Pulpan (Polabiny A), Ondrej"]
[Black "Keprt (SK Kurim A), Tomas"]
[Result "0-1"]
[BlackElo "1617"]
[WhiteElo "1479"]
[LiveChessVersion "1.4.8"]

1. e4 {[%clk 0:25:17]} c5 {[%clk 0:25:15]} 2. Nf3 {[%clk 0:25:25]} d6
{[%clk 0:25:17]} 3. d4 {[%clk 0:25:24]} cxd4 {[%clk 0:25:22]} 4. Nxd4
{[%clk 0:25:31]} Nf6 {[%clk 0:25:24]} 5. Nc3 {[%clk 0:25:34]} Nc6
{[%clk 0:25:11]} 6. Bb5 {[%clk 0:25:21]} Bd7 {[%clk 0:25:10]} 7. O-O
{[%clk 0:24:51]} e6 {[%clk 0:25:09]} 8. Bg5 {[%clk 0:22:04]} Be7 {[%clk 0:25:06]}
9. Qd2 {[%clk 0:20:57]} O-O {[%clk 0:24:41]} 10. Rad1 {[%clk 0:19:24]} Ne8
{[%clk 0:20:37]} 11. Bxe7 {[%clk 0:18:53]} Qxe7 {[%clk 0:20:37]} 12. Rfe1
{[%clk 0:14:04]} a6 {[%clk 0:18:51]} 13. Bxc6 {[%clk 0:12:36]} Bxc6
{[%clk 0:18:33]} 14. Nxc6 {[%clk 0:12:24]} bxc6 {[%clk 0:18:37]} 15. Qd3
{[%clk 0:11:35]} a5 {[%clk 0:18:17]} 16. Na4 {[%clk 0:10:29]} Rd8
{[%clk 0:17:03]} 17. Qc3 {[%clk 0:09:57]} Qc7 {[%clk 0:16:57]} 18. Rd3
{[%clk 0:09:05]} Nf6 {[%clk 0:16:28]} 19. Rg3 {[%clk 0:08:46]} e5
{[%clk 0:16:09]} 20. Qe3 {[%clk 0:08:05]} Nh5 {[%clk 0:14:03]} 21. Rg4
{[%clk 0:06:28]} f5 {[%clk 0:13:25]} 22. exf5 {[%clk 0:05:42]} Rxf5
{[%clk 0:13:30]} 23. Qh3 {[%clk 0:05:12]} Qf7 {[%clk 0:12:49]} 24. Qe3
{[%clk 0:03:53]} Nf6 {[%clk 0:12:12]} 25. Rg3 {[%clk 0:03:30]} Rf4
{[%clk 0:11:37]} 26. Nc3 {[%clk 0:03:19]} Rg4 {[%clk 0:11:11]} 27. Rxg4
{[%clk 0:03:01]} Nxg4 {[%clk 0:11:20]} 28. Qg3 {[%clk 0:02:50]} Qf5
{[%clk 0:10:58]} 29. h3 {[%clk 0:02:31]} Nf6 {[%clk 0:10:48]} 30. Re2
{[%clk 0:02:07]} Re8 {[%clk 0:10:09]} 31. Qe3 {[%clk 0:01:28]} d5
{[%clk 0:09:56]} 32. Qd2 {[%clk 0:01:00]} d4 {[%clk 0:09:34]} 33. Na4
{[%clk 0:00:37]} Nd5 {[%clk 0:09:07]} 34. a3 {[%clk 0:00:21]} Nf4
{[%clk 0:08:39]} 35. Re1 {[%clk 0:00:16]} Qg5 {[%clk 0:08:42]} 36. g3
{[%clk 0:00:15]} Nxh3+ 37. Kg2 {[%clk 0:00:20]} Qxd2 {[%clk 0:08:59]} 38. Kxh3
{[%clk 0:00:27]} Qxe1 {[%clk 0:09:08]} 0-1